000 00576nam a2200193 i 4500
001 72415
003 ES-MaACL
005 20230906171431.0
007 t|
008 040901s1933 sp ||||1| spa d
100 1 _aGirau, Lewis Th.
_957237
245 1 0 _aMétodo Girau commercial english
_b: (inglés comercial) /
_cpor Th. Lewis Girau.
260 _aBarcelona :
_b[I.C. Plauber S.A.],
_c1933.
300 _a2 v. ;
_c23 cm.
490 1 _aColección magister
830 0 _aColección magister
_9183360
852 _aES-MaACL
_jB-10260-61
_bR.21560
999 _c72415
_d72415